banner koha

Soybean tolerance to sulfentrazone and diclosulam in sandy soil (Registro n. 9809)

MARC details
000 -LÍDER
fixed length control field 02773nab a2200313 i 4500
003 - CÓDIGO MARC DA AGÊNCIA CATALOGADORA
Campo de controle BR-BrBNA
005 - DATA E HORA DA ÚLTIMA ATUALIZAÇÃO
Campo de controle 20230925142513.0
008 - CAMPO DE TAMANHO FIXO
fixed length control field 230814b2020 bl.ar|pooa||| 00| 0 eng |
040 ## - FONTE DA CATALOGAÇÃO
Agência catalogadora BR-BrBNA
Idioma da catalogação eng
072 ## - CATEGORIA AGRIS
Código AGRIS H60
Código do objeto 0336
100 ## - ENTRADA PRINCIPAL - NOME PESSOAL
Nome pessoal Dalazen, G.
100 ## - ENTRADA PRINCIPAL - NOME PESSOAL
Nome pessoal Kaspary, T.E.
100 ## - ENTRADA PRINCIPAL - NOME PESSOAL
Nome pessoal Markus, C.
100 ## - ENTRADA PRINCIPAL - NOME PESSOAL
Nome pessoal Pisoni, A.
100 ## - ENTRADA PRINCIPAL - NOME PESSOAL
Nome pessoal Merotto Junior, A.
245 ## - TÍTULO PRINCIPAL
Título principal Soybean tolerance to sulfentrazone and diclosulam in sandy soil
500 ## - NOTA GERAL
Nota geral Publicação on-line; 28 ref.; 7 illus.; Summary (En)
942 ## - ADDED ENTRY ELEMENTS (KOHA)
Koha item type
520 ## - NOTA DE RESUMO
Nota de conteúdo <br/><br/>ABSTRACT<br/>Background: The use of pre-emergent herbicides is an important tool to<br/>control weeds, however the tolerance of soybean to these herbicides can<br/>vary according to the type of soil.<br/>Objective: The aim of this study was to evaluate sulfentrazone and<br/>diclosulam soybean selectivity in a sandy soil, in order to establish these<br/>herbicides as supporting tools in weed control.<br/>Methods: The treatments consisted of six doses of sulfentrazone (150 to<br/>400 g ha-1) and diclosulam (25.2 to 75.6 g ha-1), and an untreated control.<br/>A field study was repeated in two growing seasons (2013/14 and<br/>2014/15) in a sandy soil.<br/>Results: The occurrence of injury depended on the growing season. The<br/>first season presented lower rainfall rates during the crop cycle. The<br/>recommended dose of sulfentrazone (200 g ha-1) caused 26% and 10%<br/>of plant injury at 15 days after the treatment for the first and second<br/>season, respectively. For diclosulam, the recommended dose of<br/>35.3 g ha-1 caused 20% and 8% of plant injury, respectively, for the first<br/>and second season. However, at the recommended doses, only for<br/>diclosulam and in the rainy season there was a reduction in soybean<br/>productivity.<br/>Conclusions: The herbicide sulfentrazone, although causing visual<br/>soybean plant injury, present satisfactory selectivity at recommended<br/>doses and can be used as an important tool on weed control on sandy<br/>soils. Similar response was observed for diclosulam in 2013/14.<br/>However, in a rainfall season diclosulam impacted on soybean yield at<br/>the recommended dose for sandy soils, with selectivity depending of the<br/>growth season. <br/><br/>Keywords:<br/>Glycine max<br/>plant injury<br/>pre-emergence herbicides<br/>weed management
650 ## - ASSUNTO - THESAGRO
Cabeçalho tópico ou nome geográfico GLYCINE MAX
650 ## - ASSUNTO - THESAGRO
Cabeçalho tópico ou nome geográfico SOJA
650 ## - ASSUNTO - THESAGRO
Cabeçalho tópico ou nome geográfico ERVA DANINHA
650 ## - ASSUNTO - THESAGRO
Cabeçalho tópico ou nome geográfico HERBICIDA
650 ## - ASSUNTO - THESAGRO
Cabeçalho tópico ou nome geográfico PRÉ-EMERGÊNCIA
650 ## - ASSUNTO - THESAGRO
Cabeçalho tópico ou nome geográfico LESÃO
773 0# - ENTRADA ANALÍTICA
Host Biblionumber 886
Registro do item 1817
Imprenta Londrina-PR : Sociedade Brasileira da Ciência das Plantas Daninhas, 1978
Outro identificador 2023-031024
Título Planta Daninha (Brazil)
ISSN 0100-8358; 1806-9681 (on-line)
Colação v. 38 p. 1-10; (2020)
Número de controle de registro BR2023000860
856 ## - ACESSO E ENDEREÇO ELETRÔNICO
Identificador uniforme de recurso - URI https://www.scielo.br/j/pd/a/GMTdPqmkCpMkrQ9jWPhp3Pr/?format=pdf&lang=en

Nenhum exemplar disponível.

BINAGRI

Telefone: (61)3218-2567/2388/3357/2097 - binagri@agro.gov.br

Ministério da Agricultura e Pecuária , Esplanada dos Ministérios, Bloco D, Anexo B, Brasília/DF, CEP: 70.043-900